00349nam a2200121Ia 4500008004100000040001700041041001200058082001900070100001000089245010900099260000900208300001000217230917s9999||||xx |||||||||||||| ||und|| e247940aMAIN aEnglish a823.09 K141N:F aNeetu 0aFrom submission to assertion: A study of Anita Nair's ladies coupe and Manju Kapur's difficult daughters c2014 a81 p.